000
00303nam a2200109Ia 4500
001
1272972
005
20260417151438.0
008
260417s9999 xx 000 0 und d
020
_a
9789944698962
245
0
_a
Sıkı Arkadaşlar ve Spagetti Canavarı
_c
Andreas Steinhöfel
260
_b
Tudem Yayınları
999
_c
1272972
_d
1272972